Antología narrativa / (Registro nro. 13864)

Detalles MARC
000 -LEADER
fixed length control field 01322nam a2200301 a 4500
001 - CONTROL NUMBER
control field
003 - CONTROL NUMBER IDENTIFIER
control field DO-SdBNP
005 - DATE AND TIME OF LATEST TRANSACTION
control field 20230327120233.0
008 - FIXED-LENGTH DATA ELEMENTS--GENERAL INFORMATION
fixed length control field 081218s2007 dr 000 0 spa d
020 ## - INTERNATIONAL STANDARD BOOK NUMBER
International Standard Book Number 9789993442639
040 ## - CATALOGING SOURCE
Original cataloging agency DO-SdBNP
Language of cataloging spa
Transcribing agency BPMSU
082 ## - DEWEY DECIMAL CLASSIFICATION NUMBER
Classification number RD863.4408
Item number G216a 2007
Edition number 22
100 1# - MAIN ENTRY--PERSONAL NAME
Personal name García Guerra, Iván,
Dates associated with a name 1938-
245 10 - TITLE STATEMENT
Title Antología narrativa /
Statement of responsibility, etc. Iván García Guerra.
260 ## - PUBLICATION, DISTRIBUTION, ETC. (IMPRINT)
Place of publication, distribution, etc. Santo Domingo :
Name of publisher, distributor, etc. Dirección General de la Feria del Libro,
Date of publication, distribution, etc. 2007.
300 ## - PHYSICAL DESCRIPTION
Extent 417 p. ;
Dimensions 23 cm.
490 0# - SERIES STATEMENT
Series statement Ediciones Ferilibro ;
Volume/sequential designation 104
505 0# - FORMATTED CONTENTS NOTE
Formatted contents note Presentación: Lic. Alejandro Arvelo -- Algunos conceptos acerca de la narrativa de Iván Guerra / León David -- El gran cuento (Primera parte) -- El gran cuento (Segunda parte) -- El gran cuento (Tercera parte) -- El gran cuento (Cuarta parte) -- El gran cuento (Quinta parte) -- El gran cuento (Sexta parte) -- El gran cuento (Séptima parte) -- Siglo veinte.
590 ## - LOCAL NOTE (RLIN)
Local note Inventariado, 2021/VM
600 14 - SUBJECT ADDED ENTRY--PERSONAL NAME
Personal name García Guerra, Iván
Dates associated with a name 1938-
General subdivision Crítica e interpretación
650 #4 - SUBJECT ADDED ENTRY--TOPICAL TERM
Topical term or geographic name as entry element Cuentos dominicanos
Form subdivision Colecciones
650 #4 - SUBJECT ADDED ENTRY--TOPICAL TERM
Topical term or geographic name as entry element Literatura dominicana.
700 1# - ADDED ENTRY--PERSONAL NAME
Personal name Arvelo, Alejandro
700 1# - ADDED ENTRY--PERSONAL NAME
Personal name Johson Benoit, Daniel
710 2# - ADDED ENTRY--CORPORATE NAME
Corporate name or jurisdiction name as entry element Feria Internacional del Libro (República Dominicana)
910 ## - USER-OPTION DATA (OCLC)
User-option data VMateo V.
942 ## - ADDED ENTRY ELEMENTS (KOHA)
Source of classification or shelving scheme Dewey Decimal Classification
Koha item type Libros
Existencias
Withdrawn status Lost status Source of classification or shelving scheme Damaged status Not for loan Collection code Home library Current library Date acquired Source of acquisition Full call number Barcode Date last seen Price effective from Koha item type Total Checkouts Copy number
    Dewey Decimal Classification     Colección Dominicana Biblioteca Pública Metropolitana Salomé Ureña Biblioteca Pública Metropolitana Salomé Ureña 11/09/2021 Fundacón Juan Bosch BPMSU CD RD863.4408 G216a 2007 BPMSU21110075 11/09/2021 11/09/2021 Libros    
    Dewey Decimal Classification     Colección Dominicana Biblioteca Pública Metropolitana Salomé Ureña Biblioteca Pública Metropolitana Salomé Ureña 11/09/2021 Fundacón Juan Bosch BPMSU CD RD863.4408 G216a 2007 BPMSU25060098 06/24/2025 11/09/2021 Libros   e.2
    Dewey Decimal Classification     Colección Dominicana Biblioteca Pública Metropolitana Salomé Ureña Biblioteca Pública Metropolitana Salomé Ureña 11/09/2021 Fundacón Juan Bosch BPMSU CD RD863.4408 G216a 2007 BPMSU25090053 09/12/2025 11/09/2021 Libros   e.3